00514nam a22001455i 4500001000700000003000900007005001700016008004100033040002000074100002800094245007900122260005000201300002100251852009600272164064ES-MaACL20230906212850.0020606s1909 sp |||| | spa d aCAM bspa cCAM1 aRovita y Serra, Manuel.10aRío abajo b: drama en tres actos / coriginal de Manuel Rovira y Serra. aMadrid : b[s.n.], c1909 (fR. Velasco imp.) a81 p. ; c20 cm. aES-MaACLjG-3519(8) z-- Enc. tela, falto de la cub. original z-- Enc. en un vol. facticio